Rural Society In Southeast India : (Record no. 612452)

MARC details
000 -LEADER
fixed length control field 00485nam a2200193 a 4500
008 - FIXED-LENGTH DATA ELEMENTS--GENERAL INFORMATION
fixed length control field 260214s1981##################000#0#eng##
020 ## - INTERNATIONAL STANDARD BOOK NUMBER
ISBN 9780521059381
082 04 - DEWEY DECIMAL CLASSIFICATION NUMBER
Classification number 307.720954
Item number GOU
100 1# - MAIN ENTRY--AUTHOR NAME
Personal name Gough, Kathleen,
245 10 - TITLE STATEMENT
Title Rural Society In Southeast India :
260 ## - PUBLICATION, DISTRIBUTION, ETC. (IMPRINT)
Year of publication 1981.
300 ## - PHYSICAL DESCRIPTION
Number of Pages 458 pages
650 #0 - SUBJECT ADDED ENTRY--TOPICAL TERM
Topical Term India.
942 ## - ADDED ENTRY ELEMENTS (KOHA)
Koha item type English Books
Holdings
Withdrawn status Lost status Damaged status Not for loan Home library Current library Shelving location Date acquired Full call number Accession Number Price effective from Koha item type
        Anna Centenary Library Anna Centenary Library 3RD FLOOR, B WING 14.02.2026 307.720954 GOU 96038 14.02.2026 English Books

Find us on the map